DETECTION OF TICK - BORNE ENCEPHALITIS VIRUS IN IXODID TICKS COLLECTED IN NATURAL FOCI BY TIME - RESOLVED FLUOROIMMUNOASSAY

Podrobná bibliografia
Hlavní autori: Halonen, P. (Autor), Kharitonenkov, I. G. (Autor), Sokolova, M. V. (Autor), Lavrova, N. A. (Autor), Navolokin, O. V. (Autor), Gaidamovich, S. Y. (Autor), Pomelova, V. G. (Autor)
Médium: Článok
Jazyk:slovenčina
angličtina

MARC

LEADER 00000nab a2200000ua 4500
001 vtls010756065
003 SK-MaSNL
005 20260304203823.0
008 250718s1992 xo |||||||||||||||||slo|
035 |a (urnnbn)urn:nbn:sk:snk:ar-a02975 
035 |a (uuid)a8646b9b-3656-425f-b2b8-63db248dfa04 
035 |a urn:nbn:sk:snk-ab4i4k 
040 |a SNKBUCL  |b slo  |c SNKBUCL  |e AACR2 
041 0 |a eng 
044 |a xo  |c SK 
100 1 |a Halonen, P.  |4 aut  |9 1536669 
245 1 0 |a DETECTION OF TICK - BORNE ENCEPHALITIS VIRUS IN IXODID TICKS COLLECTED IN NATURAL FOCI BY TIME - RESOLVED FLUOROIMMUNOASSAY  |c P. Halonen, I. G. Kharitonenkov, M. V. Sokolova, N. A. Lavrova, O. V. Navolokin, S. Y. Gaidamovich, V. G. Pomelova 
700 1 |a Kharitonenkov, I. G.  |4 aut  |9 1209323 
700 1 |a Sokolova, M. V.  |4 aut  |9 825617 
700 1 |a Lavrova, N. A.  |4 aut  |9 1212657 
700 1 |a Navolokin, O. V.  |4 aut  |9 1536670 
700 1 |a Gaidamovich, S. Y.  |4 aut  |9 1536671 
700 1 |a Pomelova, V. G.  |4 aut  |9 1536672 
773 0 |t Acta virologica : international journal  |g Roč. 36, č. 3 (1992), s. [260]-268 
850 |a Slovenská národná knižnica 
852 |a Slovenská národná knižnica 
958 |a article3 
958 |a OND 
958 |a EUIPO 
999 |c 3112414  |d 3114344